000 00638nam a22002057a 4500
999 _c12002
_d12002
003 AR-CdUCM
008 190405b ||||| |||| 00| 0 spa d
020 _a9972-625-35-4
040 _aMUNICIPALIDAD PROVINCIAL DEL CUSCO
_cBIBLIOTECA MUNICIPAL DEL CUSCO
082 _aES / 373.985 /
_bL54
110 _aEditores Lexus
_929657
245 _aHistoria del Perú /
260 _aEspaña :
_bGrafos S. A. ;
_c2000.
300 _a1232 páginas ;
_bIlustraciones, mapas, fotografías, tablas
_c26cm
505 _aContenido: Historia
650 _aHistoria
_9246
650 _aPerú
_935
942 _2ddc
_cLIBROS
945 _anom
_d2019-04-05